Spieler mit mindestens 30 Toren in einer Ligue One Saison - Statistiken

Allgemein
  • Dieses Quiz wurde 209 mal gespielt
  • Das Durchschnittsergebnis liegt bei 4 aus 31
Antwortstatistiken
Saison Verein Tore Spieler % Korrekt
2018/2019 Paris Saint-Germain 33 Kylian Mbappé
100%
2012/2013 Paris Saint-Germain 30 Zlatan Ibrahimović
82%
2015/2016 Paris Saint-Germain 38 Zlatan Ibrahimović
82%
2016/2017 Paris Saint-Germain 35 Edinson Cavani
81%
1989/1990 Olympique Marseille 30 Jean-Pierre Papin
31%
1956/1957 Stade Reims 30 Just Fontaine
16%
1957/1958 Stade Reims 34 Just Fontaine
16%
1970/1971 Olympique Marseille 44 Josip Skoblar
2%
1971/1972 Olympique Marseille 30 Josip Skoblar
2%
1963/1964 Racing Lens 30 Ahmed Oudjani
1%
1934/1935 FC Sochaux 30 André Abegglen
1%
1973/1974 Stade Reims 30 Carlos Bianchi
1%
1975/1976 Stade Reims 34 Carlos Bianchi
1%
1977/1978 Paris Saint-Germain 37 Carlos Bianchi
1%
1974/1975 AS Monaco 30 Delio Onnis
1%
1951/1952 Olympique Marseille 31 Gunnar Andersson
1%
1952/1953 Olympique Marseille 35 Gunnar Andersson
1%
1966/1967 AS Saint-Étienne 31 Hervé Revelli
1%
1936/1937 Racing Strasbourg 30 Oskar Rohr
1%
1954/1955 Stade Reims 30 René Bliard
1%
1935/1936 FC Sochaux 34 Roger Courtois
1%
1970/1971 AS Saint-Étienne 42 Salif Keïta
1%
1955/1956 Racing Paris 31 Thadée Cisowski
1%
1956/1957 Racing Paris 33 Thadée Cisowski
1%
1958/1959 Racing Paris 30 Thadée Cisowski
1%
1952/1953 Stade Reims 30 Bram Appel
0%
1946/1947 FC Metz 30 Gustave Kemp
0%
1947/1948 OSC Lille 31 Jean Baratte
0%
1965/1966 FC Nantes 36 Philippe Gondet
0%
1946/1947 Stade Reims 33 Pierre Sinibaldi
0%
1962/1963 US Valenciennes-Anzin 35 Serge Masnaghetti
0%
Keine übereinstimmenden Quizze gefunden
Verteilung der Resultate
Anzahl Personen mit jedem Resultat
Perzentil nach korrekt beantworteten Fragen
Ihre Resultats-Entwicklung
Sie haben dieses Quiz noch nicht gespielt